00329nam a2200133Ia 4500008004100000100003800041245003000079250001200109260003000121300000800151650001200159942000700171999001700178190216s9999||||xx |||||||||||||| ||und|| aGeorge Gamow And John M Cleveland 0aFoundations And Frontiers a3rd Ed. bPrentice Hall Indiac1968 a551 aPhysics cBK c32772d32772